header

Messages from home (Record no. 9545)

MARC details
000 -LEADER
fixed length control field 01688nam a2200409 a 4500
001 - CONTROL NUMBER
control field ebr10267613
003 - CONTROL NUMBER IDENTIFIER
control field CaPaEBR
006 - FIXED-LENGTH DATA ELEMENTS--ADDITIONAL MATERIAL CHARACTERISTICS--GENERAL INFORMATION
fixed length control field m u
007 - PHYSICAL DESCRIPTION FIXED FIELD--GENERAL INFORMATION
fixed length control field cr cn|||||||||
008 - FIXED-LENGTH DATA ELEMENTS--GENERAL INFORMATION
fixed length control field 071203s2008 pau sb 001 0 eng
010 ## - LIBRARY OF CONGRESS CONTROL NUMBER
Canceled/invalid LC control number 2007049496
020 ## - INTERNATIONAL STANDARD BOOK NUMBER
Cancelled/invalid ISBN 9781592136766 (cloth : alk. paper)
Cancelled/invalid ISBN 1592136761 (cloth : alk. paper)
Cancelled/invalid ISBN 9781592136773 (pbk. : alk. paper)
Cancelled/invalid ISBN 159213677X (pbk. : alk. paper)
040 ## - CATALOGING SOURCE
Original cataloging agency CaPaEBR
Transcribing agency CaPaEBR
035 ## - SYSTEM CONTROL NUMBER
System control number (OCoLC)302360614
043 ## - GEOGRAPHIC AREA CODE
Geographic area code n-us---
050 14 - LIBRARY OF CONGRESS CALL NUMBER
Classification number LB1134
Item number .L48 2008eb
082 04 - DEWEY DECIMAL CLASSIFICATION NUMBER
Classification number 372.119/2
Edition number 22
100 1# - MAIN ENTRY--PERSONAL NAME
Personal name Levenstein, Phyllis,
Dates associated with a name 1916-
245 10 - TITLE STATEMENT
Title Messages from home
Medium [electronic resource] :
Remainder of title the parent-child home program for overcoming educational disadvantage /
Statement of responsibility, etc Phyllis Levenstein and Susan Levenstein.
250 ## - EDITION STATEMENT
Edition statement Rev. and updated ed.
260 ## - PUBLICATION, DISTRIBUTION, ETC. (IMPRINT)
Place of publication, distribution, etc Philadelphia PA :
Name of publisher, distributor, etc Temple University Press,
Date of publication, distribution, etc c2008.
300 ## - PHYSICAL DESCRIPTION
Extent xxix, 258 p.
504 ## - BIBLIOGRAPHY, ETC. NOTE
Bibliography, etc Includes bibliographical references (p. [233]-247) and index.
533 ## - REPRODUCTION NOTE
Type of reproduction Electronic reproduction.
Place of reproduction Palo Alto, Calif. :
Agency responsible for reproduction ebrary,
Date of reproduction 2013.
Note about reproduction Available via World Wide Web.
-- Access may be limited to ebrary affiliated libraries.
650 #0 - SUBJECT ADDED ENTRY--TOPICAL TERM
Topical term or geographic name as entry element Child development
Geographic subdivision United States.
Topical term or geographic name as entry element Learning ability.
Topical term or geographic name as entry element Education, Preschool
General subdivision Parent participation
Geographic subdivision United States.
Topical term or geographic name as entry element Mother and child
Geographic subdivision United States.
Topical term or geographic name as entry element Academic achievement
Geographic subdivision United States.
655 #7 - INDEX TERM--GENRE/FORM
Genre/form data or focus term Electronic books.
Source of term local
700 1# - ADDED ENTRY--PERSONAL NAME
Personal name Levenstein, Susan.
710 2# - ADDED ENTRY--CORPORATE NAME
Corporate name or jurisdiction name as entry element ebrary, Inc.
856 40 - ELECTRONIC LOCATION AND ACCESS
Uniform Resource Identifier <a href="http://site.ebrary.com/lib/rucke/Doc?id=10267613">http://site.ebrary.com/lib/rucke/Doc?id=10267613</a>
Public note An electronic book accessible through the World Wide Web; click to view

No items available.

© 2026 Rongo University
Contact us: librarian | system librarian | Rongo university